| 000 | 00556nam a22001817a 4500 | ||
|---|---|---|---|
| 005 | 20251108172451.0 | ||
| 008 | 250721s9999 xx 000 0 ara d | ||
| 082 | 1 | 4 | _a551.22شرق |
| 100 | 1 | _aشرقاوي، محمد | |
| 245 | 1 | 0 | _aزلازل وتوابعها : اسبابها - مخاطرها - / |
| 264 | 1 |
_aالقاهرة : _bمركز الاهرام للترجمة والنشر، |
|
| 300 | _a115ص | ||
| 650 | 1 | 7 | _aعلم الزلازل |
| 650 | 1 | 7 | _aالتحكم في الزلازل |
| 650 | 1 | 7 | _aمصر |
| 942 |
_2ddc _cBK |
||
| 999 |
_c80078 _d80078 |
||